| 000 | 00382nam a22001217a 4500 | ||
|---|---|---|---|
| 082 | _a200 THE | ||
| 100 |
_aKhurram Shahzad _969894 |
||
| 245 | _aTH-SOF-1322-EFFORT ESTIMATION OF EMBEDDED SYSTEMS USING FUNCTION POINT ANALYSIS | ||
| 260 |
_aIslamabad _bNUST College of EME _c2016 |
||
| 650 |
_aMS-CSE-12 MSTHESIS _969895 |
||
| 700 |
_aSupervisor Shoab Ahmed Khan _969896 |
||
| 942 | _cCF | ||
| 999 |
_c576982 _d576982 |
||